De censuris latae sententiae iuxta codicem iuris canonici

Uloženo v:
Podrobná bibliografie
Hlavní autor: Cipollini, Albertus D (Autor)
Médium: Kniha
Jazyk:latina
Vydáno: Turín Marietti 1925
Vydání:1a. ed
Témata:
Tagy: Přidat tag
Žádné tagy, Buďte první, kdo vytvoří štítek k tomuto záznamu!

MARC

LEADER 00000cam a2200000 a 4500
001 UCD1946
003 CL-VaPUC
008 160407e19250000it |||||||||||||||||lat|d
082 0 4 |a 262.935  |b CIP  |2 21 
100 0 |a Cipollini, Albertus D  |e author  |9 585118 
245 1 0 |a De censuris latae sententiae iuxta codicem iuris canonici 
250 |a 1a. ed 
300 |a 260 p 
942 |c BK 
945 |d 20160407 22:06:00  |a dcastane 
260 |a Turín  |b Marietti  |c 1925 
650 7 |a DERECHO CANONICO  |2 CL-VaPUC  |9 585119 
650 0 |a Derecho eclesiástico  |9 255055 
650 0 |a Censura  |9 349860 
583 |a last modification  |c 20160407 22:06:00  |k Rodrigo Vera 
999 |c 363154  |d 363152 
952 |0 0  |1 0  |3 erb  |4 0  |6 262_935000000000000_CIP_1925  |7 0  |8 X  |9 474991  |a BIBTEO  |b BIBTEO  |c TEO_FFR  |i 5220955  |o 262.935 CIP 1925  |p 5220955  |r 2024-01-18  |w 2019-11-24  |y BK_X  |z Catalogado en:20160407  |k OFM